| 000 | 00910nam a2200265Ia 4500 | ||
|---|---|---|---|
| 008 | |||
| 020 | _a0750625414 (pbk) | ||
| 049 | _aMAIN | ||
| 090 | _aTA405 | ||
| 100 | 1 | _aHearn, E. J. | |
| 245 | 1 | 0 |
_aMechanics of materials _nVolume2: _ban introduction to the mechanics of elastic and plastic deformation of solids and structural components / _cE.J. Hearn. |
| 250 | _a2nd ed. | ||
| 260 |
_aOxford : _bButterworth-Heinemann, _cc1985. |
||
| 300 |
_axxxviii, 905 p. : _bill. ; _c25 cm. |
||
| 440 | 0 |
_aInternational series on materials science and technology ; _vv. 19 |
|
| 504 | _aIncludes bibliographical references . | ||
| 500 | _aIncludes index. | ||
| 650 | 0 | _aStrength of materials. | |
| 650 | 0 | _aDeformations (Mechanics) | |
| 907 |
_a.b10065763 _b07-11-11 _c17-04-03 |
||
| 003 | |||
| 005 | 20230123134038.0 | ||
| 040 | _cNUST | ||
| 942 |
_cBOOKS _kTA405 |
||
| 999 |
_c159085 _d159085 |
||